000 00447nmm a2200157Ia 4500
008 251105s9999||||xx |||||||||||||||||und||
020 _a9788497422376
041 _aspa
100 _aCalvillo, Francisco
245 0 _aLa depresión, entre mitos y rumores
264 _a[Madrid, España] :
_bBiblioteca Nueva,
_c2003
300 _a144 páginas
650 _aPsychology
856 _uhttps://public.digitaliapublishing.com/a/45885
942 _cCF
999 _c90255
_d90255